000 00845cam a2200325 4500
008 090401t1989 xxu||||| |||| 00| 0 eng d
020 _a0851254047
035 _a(Sirsi) u23123
041 _aeng
050 _a693.97
100 _aCornish, J.P.
245 _aImproving the habitability of large panel system dwellings
260 _aGarston,Watford
_bBuilding Research Establishment
_c1989
300 _aiii,51p. : ill. ; 30cm.
350 _a35
490 _aBRE Report
_v154
650 _aDAMP
650 _aHEATING
650 _aINSULATION
650 _aLARGE PANEL SYSTEMS
650 _aPREFABRICATION
650 _aVENTILATION
700 _aHenderson, G.
700 _aUglow, Christine E
700 _aStephen, R. K.
700 _aSouthern, J.R.
700 _aSanders, C.H.
942 _n0
948 _c04/03/1997
999 _c88323
_d88323